| 000 | 004070000a22001450004500 | ||
|---|---|---|---|
| 041 | 0 | _aSPA | |
| 082 | 0 | 4 | _aG 843.91 L313q |
| 100 | 1 | _aLapierre, Dominique | |
| 245 | 1 | 0 | _aEl quinto jinete / Dominique Lapierre, Larry Collins ; J. Ferrer Aleu, Traductor |
| 260 | _aBogotá : Círculo de Lectores | ||
| 300 | _a447 Pag | ||
| 500 | _aTítulo original : Le cinquième cavalier | ||
| 001 | 13164 | ||
| 942 | _cBK | ||
| 999 |
_c42153 _d42153 |
||